书目信息 |
| 题名: |
育美明德
|
|
| 作者: | ;上海市艺术学科德育协同研究中心 编著 | |
| 分册: | ||
| 出版信息: | 上海 上海教育出版社 2021.2 |
|
| 页数: | 97页 | |
| 开本: | 26cm | |
| 丛书名: | 上海市艺术学科德育优秀课例丛书 | |
| 单 册: | ||
| 中图分类: | G623.752 | |
| 科图分类: | ||
| 主题词: | 美术课--教学研究--中小学 | |
| 电子资源: | ||
| ISBN: | 978-7-5720-0458-2 | |
| 000 | 00930nam2 2200265 45 | |
| 001 | 012001003904 | |
| 005 | 20140916081951.0 | |
| 010 | @a978-7-5720-0458-2@dCNY33.60 | |
| 100 | @a20210519d2021 em y0chiy0110 ea | |
| 101 | 0 | @achi |
| 102 | @aCN@b310000 | |
| 105 | @aa z 000yy | |
| 106 | @ar | |
| 200 | 1 | @a育美明德@Ayu mei ming de@f上海市艺术学科德育协同研究中心编著 |
| 210 | @a上海@c上海教育出版社@d2021.2 | |
| 215 | @a97页@c图@d26cm | |
| 225 | 2 | @a上海市艺术学科德育优秀课例丛书 |
| 330 | @a本书内容包括:融入校园生活 丰富德育途径、运用激情启情 优化德育途径等。 | |
| 410 | 0 | @12001 @a上海市艺术学科德育优秀课例丛书 |
| 461 | 0 | @12001 @a上海市艺术学科德育优秀课例丛书 |
| 606 | 0 | @a美术课@x教学研究@x中小学 |
| 690 | @aG623.752@v5 | |
| 711 | 02 | @a上海市艺术学科德育协同研究中心@Ashang hai shi yi shu xue ke de yu xie tong yan jiu zhong xin@4编著 |
| 801 | @aCN@bAHXH@c20210922 | |
| 905 | @b1328442-6@dG623.752@e2374@f5 | |
| 育美明德/上海市艺术学科德育协同研究中心编著.-上海:上海教育出版社,2021.2 |
| 97页:图;26cm.-(上海市艺术学科德育优秀课例丛书) |
| ISBN 978-7-5720-0458-2:CNY33.60 |
| 本书内容包括:融入校园生活 丰富德育途径、运用激情启情 优化德育途径等。 |
| ● |
| 相关链接 |
|
|
|
|
正题名:育美明德
索取号:G623.752/2374
 
预约/预借
| 序号 | 登录号 | 条形码 | 馆藏地/架位号 | 状态 | 备注 |
| 1 | 1328442 | 213284426 | 第一样本阅览室/ [索取号:G623.752/2374] | 在馆 | |
| 2 | 1328443 | 213284435 | 教育系资料室/ [索取号:G623.752/2374] | 在馆 | |
| 3 | 1328444 | 213284444 | 教育系资料室/ [索取号:G623.752/2374] | 在馆 | |
| 4 | 1328445 | 213284453 | 第四借阅区/ [索取号:G623.752/2374] | 在馆 | |
| 5 | 1328446 | 213284462 | 第四借阅区/ [索取号:G623.752/2374] | 在馆 |